Pabellones de deporte (Record no. 125067)

MARC details
000 -LEADER
fixed length control field nam a22 7a 4500
005 - DATE AND TIME OF LATEST TRANSACTION
control field 20200204105854.0
008 - FIXED-LENGTH DATA ELEMENTS--GENERAL INFORMATION
fixed length control field 190319b mx ||||| |||| 00| 0 spa d
020 ## - INTERNATIONAL STANDARD BOOK NUMBER
International Standard Book Number 968608519X
050 04 - LIBRARY OF CONGRESS CALL NUMBER
Classification number NA6800
Item number W54 1982
050 04 - LIBRARY OF CONGRESS CALL NUMBER
Classification number NA6800
Item number W55 1978
100 1# - MAIN ENTRY--PERSONAL NAME
Personal name Wild, Friedemann
240 10 - UNIFORM TITLE
Uniform title Sporthallen und sportanlagen für schulen, vereine und betriebe
Language of a work Español
245 10 - TITLE STATEMENT
Title Pabellones de deporte
Remainder of title : instalaciones deportivas para colegios, asociaciones y empresas
Statement of responsibility, etc / Friedemann Wild ; redaccion Ute Busche-Sievers ; dirigida por Paulhans Peters.
250 ## - EDITION STATEMENT
Edition statement 1a ed.
260 ## - PUBLICATION, DISTRIBUTION, ETC. (IMPRINT)
Place of publication, distribution, etc México :
Name of publisher, distributor, etc Gustavo Gili,
Date of publication, distribution, etc 1982
260 ## - PUBLICATION, DISTRIBUTION, ETC. (IMPRINT)
Place of publication, distribution, etc México :
Name of publisher, distributor, etc Gustavo Gili,
Date of publication, distribution, etc 1982
300 ## - PHYSICAL DESCRIPTION
Extent 132 p. :
Other physical details il. ;
Dimensions 27 cm.
490 0# - SERIES STATEMENT
Series statement Proyecto y planificación
650 #7 - SUBJECT ADDED ENTRY--TOPICAL TERM
Source of heading or term lemb
Topical term or geographic name as entry element Arquitectura
General subdivision Instalaciones deportivas
650 #7 - SUBJECT ADDED ENTRY--TOPICAL TERM
Source of heading or term lemb
Topical term or geographic name as entry element Arquitectura
General subdivision Diseños y planos.
700 1# - ADDED ENTRY--PERSONAL NAME
Personal name Busche-Sievers, Ute,
Relator term redactor.
942 ## - ADDED ENTRY ELEMENTS (KOHA)
Source of classification or shelving scheme Biblioteca del Cogreso de los Estados Unidos
Koha item type Libro
Holdings
Estado de pérdida Fuente de clasificación Estado del daño No para préstamo Ubicación permanente Ubicación actual Apartado o colección Fecha de adquisición Edición Enumeración de Serie / Cronológica Área del conocimiento Clasificación Código de Barras Date last seen Número de copia Costo por reposición Tipo de recurso
  Biblioteca del Cogreso de los Estados Unidos     Biblioteca de la Facultad de Arquitectura Biblioteca de la Facultad de Arquitectura General 19/03/2019 1a ed.   Ingeniería y Tecnología NA6800 W55 r1982 BFA000003858 19/03/2019 C : 1 1.00 Libro
  Biblioteca del Cogreso de los Estados Unidos     Biblioteca de la Facultad de Arquitectura Biblioteca de la Facultad de Arquitectura General 29/01/2020 1a ed.   Ingeniería y Tecnología NA6800 W55 r1982 BFA000004007 29/01/2020 2 1.00 Libro
  Biblioteca del Cogreso de los Estados Unidos     Biblioteca de la Facultad de Arquitectura Biblioteca de la Facultad de Arquitectura General 29/01/2020 1a ed.   Ingeniería y Tecnología NA6800 W55 r1982 BFA000004010 29/01/2020 3 1.00 Libro
  Biblioteca del Cogreso de los Estados Unidos     Biblioteca de la Facultad de Arquitectura Biblioteca de la Facultad de Arquitectura General 29/01/2020 1a ed.   Ingeniería y Tecnología NA6800 W55 r1982 BFA000004011 29/01/2020 4 1.00 Libro
  Biblioteca del Cogreso de los Estados Unidos     Biblioteca de la Facultad de Arquitectura Biblioteca de la Facultad de Arquitectura General 29/01/2020 1a ed.   Ingeniería y Tecnología NA6800 W55 r1982 BFA000004012 29/01/2020 5 1.00 Libro
  Biblioteca del Cogreso de los Estados Unidos     Biblioteca de la Unidad de Ciencias Ingeniería y Humanidades Biblioteca de la Unidad de Ciencias Ingeniería y Humanidades General 17/05/2018 1a. ed. BCU000000971 Ingeniería y Tecnología NA6800 W54 1982 BCU000000971 17/05/2018 1 1.00 Libro
  Biblioteca del Cogreso de los Estados Unidos     Biblioteca de la Unidad de Ciencias Ingeniería y Humanidades Biblioteca de la Unidad de Ciencias Ingeniería y Humanidades General 17/05/2018 1a. ed. BCU000000972 Ingeniería y Tecnología NA6800 W54 1982 BCU000000972 17/05/2018 2 1.00 Libro
  Biblioteca del Cogreso de los Estados Unidos     Biblioteca de la Unidad de Ciencias Ingeniería y Humanidades Biblioteca de la Unidad de Ciencias Ingeniería y Humanidades General 17/05/2018 1a. ed. BCU000000973 Ingeniería y Tecnología NA6800 W54 1974 BCU000000973 17/05/2018 3 1.00 Libro